Online Catalogue and eLibrary

The white deer (Record no. 3366)

MARC details
000 -LEADER
fixed length control field 00356nam a2200157Ia 4500
005 - DATE AND TIME OF LATEST TRANSACTION
control field 20241216035858.0
008 - FIXED-LENGTH DATA ELEMENTS--GENERAL INFORMATION
fixed length control field 240331s9999 xx 000 0 und d
082 ## - DDC Classification
Item Number - Author Mark THU
Class No. 823
100 ## - MAIN ENTRY--PERSONAL NAME
Personal name Thurber,J
245 #4 - TITLE STATEMENT
Title The white deer
250 ## - EDITION STATEMENT
Edition statement 2nd
260 ## - PUBLICATION, DISTRIBUTION, ETC.
Place of publication, distribution, etc. London
Name of publisher, distributor, etc. Hamish Hamilton
Date of publication, distribution, etc. 1947
300 ## - PHYSICAL DESCRIPTION
Extent (e.g. Volumes, Pages etc.) 115 p .,
650 ## - SUBJECT ADDED ENTRY--TOPICAL TERM
Topical term or geographic name entry element Short Stories
942 ## - Koha item type (Biblio)
Koha item type Books in Stacks (Lending)
Holdings
Lost status Damaged status Collection code Home library Current library Shelving location Date acquired Full call number Accession Number Item type
    Lending WERC Library WERC Library Social Science Cupboard 03/31/2024 823 THU 258 Books in Stacks (Lending)

© WERC Library